Statistiques concernant đź“– 150 premiers mots "Muchachas" T.2 Pancol

Cliquez ici pour prendre le quiz!

Statistiques générales

  • Ce quiz a Ă©tĂ© pris 10 fois
  • Le rĂ©sultat moyen est 100 sur 150

Statistiques - réponses

Mots% Correct
Ă 
100%
a
100%
AOL,
100%
Astrid
100%
au
100%
avait
100%
C'
100%
- Ca
100%
chardonnay.
100%
Chili.
100%
Comandante' !
100%
de
100%
des
100%
elle
100%
Elle
100%
elles
100%
en
100%
est
100%
et
100%
filles
100%
- Happy
100%
'hasta
100%
Heather
100%
Jessica,
100%
l'
100%
la
100%
le
100%
les
100%
Madison,
100%
mais
100%
nous
100%
ont
100%
par
100%
pour
100%
qui
100%
"r"
100%
Rosie
100%
s'
100%
se
100%
siempre,
100%
son
100%
sur
100%
une
100%
Viand
100%
bouteille
80%
Ces
80%
cet
80%
deux
80%
été
80%
rouler
80%
tour.
80%
trois
80%
avant
60%
chaise.
60%
dix-
60%
fait
60%
heures,
60%
monde
60%
neuf
60%
tĂŞte
60%
trop
60%
chaque
40%
chez
40%
entraîne
40%
mains
40%
mois.
40%
Monday !
40%
partir
40%
sac
40%
soir
40%
va ...
40%
vers
40%
asseoir
20%
attablées
20%
Café,
20%
déclaré
20%
irlandaise.
20%
jetant
20%
lèvent
20%
lundi
20%
retrouvent.
20%
taille
20%
affronter
0%
bonus
0%
clame
0%
collant
0%
décidé
0%
devant
0%
directrice
0%
engrange
0%
exercice
0%
force,
0%
grognent
0%
hanches,
0%
instituées
0%
jungle,
0%
massive
0%
millionnaire
0%
payée
0%
pourcentage,
0%
publicité
0%
raide,
0%
remonte
0%
réunions
0%
roulis.
0%
union
0%
unissons-
0%
vivre
0%

Distribution des résultats

Percentile par nombre de réponses

% des personnes avec chaque résultat

Votre développement - résultats

Vous n’avez pas pris ce quiz